| 000 | 00398nam a2200145 4500 | ||
|---|---|---|---|
| 008 | 191125s2018||||xo d | ||
| 100 | 1 |
_aRakúsová Gabriela _91449 |
|
| 245 | 1 | 0 |
_aMedzi realitou a jej znakom _bInterpretacné úvahy o knihách |
| 250 | _a1.vydanie | ||
| 260 |
_bModrý peter _aLevoca _c2018 |
||
| 300 | _a186s. | ||
| 020 |
_a9788089545728 _c6,65 |
||
| 041 | 1 | _aslo | |
| 044 |
_axo _cSK |
||
| 999 |
_c22815 _d22815 |
||